Špecifiká vedenia zamestnancov patriacich do generácie Z v malom a strednom podniku bakalárska práca

Gespeichert in:
Bibliographische Detailangaben
1. Verfasser: Haršániová, Adriana
Körperschaft: Fakulta podnikového manažmentu EU. Katedra manažmentu
Weitere Verfasser: Kováčiková, Kristína
Format: Buch
Sprache:Slowakisch
Veröffentlicht: Bratislava 2018
Tags: Tag hinzufügen
Keine Tags, Fügen Sie das erste Tag hinzu!

MARC

LEADER 00000nbm a2200000 4500
001 0244980
005 20180918144232.3
041 0 |a slo 
044 |a SK 
245 1 0 |a Špecifiká vedenia zamestnancov patriacich do generácie Z v malom a strednom podniku  |b bakalárska práca  |c Adriana Haršániová ; školiteľ: Kristína Kováčiková 
264 1 |a Bratislava  |c 2018 
300 |a 44 s. 
100 1 |a Haršániová, Adriana 
700 1 |a Kováčiková, Kristína 
710 2 |a Fakulta podnikového manažmentu EU. Katedra manažmentu